| 000 | 00422cam a2200181ua 4500 | ||
|---|---|---|---|
| 020 | _cRs 2.00 | ||
| 041 |
_ahin _h |
||
| 082 |
_a891.54 _bSHY/JA |
||
| 100 | _aShyamu, Sanyasi . | ||
| 245 |
_aJapan / _cShyamu Sanyasi. _hTextual Documents |
||
| 250 |
_a1 / _b. |
||
| 260 |
_aDelhi : _bRajkamal Prakash , _c1958. |
||
| 300 | _a112 ; . | ||
| 365 | _aRs 2.00 | ||
| 504 | _a | ||
| 942 | _cBK | ||
| 999 |
_c4087 _d4087 |
||